Optimization: Insights and applications (Record no. 1309923)

MARC details
000 -LEADER
fixed length control field 01344nam a2200229 4500
005 - DATE AND TIME OF LATEST TRANSACTION
control field 20250502115346.0
008 - FIXED-LENGTH DATA ELEMENTS--GENERAL INFORMATION
fixed length control field 250502b |||||||| |||| 00| 0 eng d
020 ## - INTERNATIONAL STANDARD BOOK NUMBER
International Standard Book Number 9788122431322
037 ## - SOURCE OF ACQUISITION
Terms of availability Texual
040 ## - CATALOGING SOURCE
Original cataloging agency RTL
Transcribing agency RTL
084 ## - COLON CLASSIFICATION NUMBER
Classification number B7:3 Q0
Assigning agency RTL
100 ## - MAIN ENTRY--PERSONAL NAME
Personal name Brinkhuis, Jan
9 (RLIN) 478072
245 ## - TITLE STATEMENT
Title Optimization: Insights and applications
260 ## - PUBLICATION, DISTRIBUTION, ETC.
Place of publication, distribution, etc. New Delhi, India
Name of publisher, distributor, etc. New age international (P) limited
Date of publication, distribution, etc. 2010
300 ## - PHYSICAL DESCRIPTION
Extent xix, 658 p. : ill.
Other physical details Includes bibliographical reference and index
520 ## - SUMMARY, ETC.
Summary, etc. This self-contained textbook is an informal introduction to optimization through the use of numerous illustrations and applications. The focus is on analytically solving optimization problems with a finite number of continuous variables. In addition, the authors provide introductions to classical and modern numerical methods of optimization and to dynamic optimization. The book's overarching point is that most problems may be solved by the direct application of the theorems of Fermat, Lagrange, and Weierstrass. The authors show how the intuition for each of the theoretical results can be supported by simple geometric figures.
650 ## - SUBJECT ADDED ENTRY--TOPICAL TERM
Source of heading or term Econometrics Mathematical models
650 ## - SUBJECT ADDED ENTRY--TOPICAL TERM
Source of heading or term Optimization
650 ## - SUBJECT ADDED ENTRY--TOPICAL TERM
Source of heading or term Econometrics
700 ## - ADDED ENTRY--PERSONAL NAME
Personal name Tikhomirow, Vladimir
9 (RLIN) 753734
942 ## - ADDED ENTRY ELEMENTS (KOHA)
Source of classification or shelving scheme Colon Classification (CC)
Suppress in OPAC No
Koha item type Textbook
Classification part B7:3 Q0
Holdings
Withdrawn status Lost status Source of classification or shelving scheme Damaged status Not for loan Home library Current library Date acquired Total Checkouts Full call number Barcode Date last seen Price effective from Koha item type
    Colon Classification (CC)     Ratan Tata Library Ratan Tata Library 2025-05-02   B7:3 Q0 RT1585217 2025-05-02 2025-05-02 Textbook
Copyright @ Delhi University Library System